Lingua ufficiale per ogni stato - Statistics

Statistiche generali
  • Questo quiz è stato fatto 145 volte
  • Il punteggio medio è 143 su 195
Statistiche sulle risposte
NAZIONE LINGUE % Corretto
Albania Albanese
93%
Taiwan Cinese
91%
Città del Vaticano Italiano/Latino
91%
Australia Inglese
89%
Argentina Spagnolo
89%
Algeria Arabo/Berbero
88%
Croazia Croato
88%
Belgio Francese/Olandese/Tedesco
88%
Kosovo Albanese/Serbo
87%
Arabia Saudita Arabo
87%
Palestina Arabo
87%
Cina Cinese/Mandarino
87%
Danimarca Danese
87%
Finlandia Finlandese/Svedese
87%
Giappone Giapponese
87%
Grecia Greco
87%
Brasile Portoghese
87%
Cuba Spagnolo
87%
Austria Tedesco
87%
Egitto Arabo
86%
Emirati Arabi Uniti Arabo
86%
Corea del Sud Coreano
86%
Francia Francese
86%
Italia Italiano
86%
Cile Spagnolo
86%
Costa Rica Spagnolo
86%
Germania Tedesco
86%
Bosnia Erzegovina Bosniaco/Croato/Serbo
85%
Corea del Nord Coreano
85%
Irlanda Inglese/Irlandese
85%
El Salvador Spagnolo
85%
Armenia Armeno
84%
Bulgaria Bulgaro
84%
Islanda Islandese
84%
Colombia Spagnolo
84%
Repubblica Dominicana Spagnolo
84%
Ecuador Spagnolo
84%
Guatemala Spagnolo
84%
Honduras Spagnolo
84%
Bahamas Inglese
83%
Bielorussia Russo/Bielorusso
83%
Bahrein Arabo
82%
Giordania Arabo
82%
Repubblica Ceca Ceco
82%
Georgia Georgiano
82%
Giamaica Inglese
82%
Monaco Monegasco/Francese
82%
Messico Spagnolo
82%
Bolivia Spagnolo/Guarani/Quechua/Aymara
82%
Lussemburgo Francese/Tedesco/Lussemburghese
81%
Filippine Inglese/Filippino/Tagalog
81%
Liechtenstein Tedesco
81%
Israele Ebraico/Arabo
80%
Grenada Inglese
80%
Regno Unito Inglese/Scozzese/Gallese
80%
San Marino Italiano
80%
Lettonia Lettone
80%
Macedonia Macedone/Albanese
80%
Malta Maltese/Inglese
80%
Paesi Bassi Olandese/Frisone
80%
Polonia Polacco
80%
Portogallo Portoghese
80%
Kazakistan Russo/Kazako
80%
Serbia Serbo
80%
Kuwait Arabo
79%
Libano Arabo
79%
Libia Arabo
79%
Qatar Arabo
79%
Marocco Arabo/Berbero
79%
Perù Aymara/Quechua/Spagnolo
79%
Costa d'Avorio Francese
79%
Paraguay Guarani/Spagnolo
79%
Belize Inglese
79%
Dominica Inglese
79%
Guyana Inglese
79%
Nuova Zelanda Inglese/Maori
79%
Lituania Lituano
79%
Norvegia Norvegese
79%
Romania Rumeno
79%
Russia Russo
79%
Spagna Spagnolo
79%
Svezia Svedese
79%
Cipro Greco/Turco
78%
India Hindi/Inglese/Bengalese/Tamil/Marathi/Urdu/Punjabi
78%
Barbados Inglese
78%
Usa Inglese
78%
Kiribati Inglese/Gilbertese
78%
Figi Inglese/Hindi/Figiano
78%
Siria Arabo
77%
Iraq Arabo/Kurdo
77%
Svizzera Francese/Italiano/Tedesco/Romancio
77%
Saint Vincent e Grenadine Inglese
77%
Isole Marshall Inglese/Marshallese
77%
Samoa Inglese/Samoano
77%
Slovenia Sloveno
77%
Nicaragua Spagnolo
77%
Panama Spagnolo
77%
Turchia Turco
77%
Ucraina Ucraino
77%
Sudafrica Afrikaans/Inglese/Sesotho/Tswana/Xhosa/Zulu
76%
Oman Arabo
76%
Saint Kitts e Nevis Inglese
76%
Kenya Inglese/Swahili
76%
Slovacchia Slovacco
76%
Uruguay Spagnolo
76%
Tunisia Arabo
75%
Gabon Francese
75%
Guinea Francese
75%
Saint Lucia Inglese
75%
Seychelles Inglese/Francese/Creolo
75%
Mongolia Mongolo
75%
Guina Equatoriale Spagnolo/Portoghese/Francese
75%
Gibuti Francese/Arabo
74%
Antigua e Barbuda Inglese
74%
Venezuela Spagnolo
74%
Ungheria Ungherese
74%
Haiti Creolo/Francese
73%
Camerun Francese/Inglese
73%
Gambia Inglese
73%
Micronesia Inglese
73%
Isole Salomone Inglese
73%
Palau Inglese/Paluano
73%
Kirghizistan Russo/Kirghiso/Kirghizo
73%
Singapore Tamil/Inglese/Cinese/Malese
73%
Repubblica Democratica del Congo Francese
72%
Ghana Inglese
72%
Somalia Somalo/Arabo
72%
Vietnam Vietnamita
72%
Congo Francese
71%
Madagascar Francese/Malgascio
71%
Senegal Francese/Wolof/Serer
71%
Liberia Inglese
71%
Namibia Inglese
71%
Thailandia Thai
71%
Sudan Arabo/Inglese
70%
Indonesia Indonesiano/Giavanese
70%
Sierra Leone Inglese
70%
Malawi Inglese/Chichewa
70%
Ruanda Kinyarwanda/Inglese/Francese
70%
Yemen Arabo
69%
Ciad Francese/Arabo
69%
Botswana Inglese
69%
Vanuatu Inglese/Bislama/Francese
69%
Papua Nuova Guinea Inglese/Tok/Hiri
69%
Benin Francese
68%
Lesotho Inglese/Sesotho
68%
Guinea Bissau Portoghese
68%
Comore Comoriano/Francese/Arabo
67%
Tanzania Inglese/Swahili
67%
Tuvalu Inglese/Tuvaluano
67%
Capo Verde Portoghese
67%
Burkina Faso Francese
66%
Repubblica Centrafricana Francese
66%
Mali Francese
66%
Niger Francese
66%
Nigeria Inglese
66%
Trinidad e Tobago Inglese
66%
Montenegro Montenegrino
66%
Eritrea Arabo/Tigrino
65%
Burundi Francese/Kirundi
65%
Zimbabwe Inglese/Xhosa/Sesotho/Tswana
65%
Mauritania Arabo
64%
Azerbaigian Azero
64%
Mauritius Inglese
64%
Sud Sudan Inglese
64%
Zambia Inglese
64%
Swaziland Inglese/Swati
64%
Nepal Nepalese
64%
Sao Tomè e Principe Portoghese
64%
Tonga Tongano/Inglese
64%
Uzbekistan Uzbeko
64%
Togo Francese
62%
Moldavia Rumeno
62%
Uganda Swahili/Inglese
62%
Andorra Catalano
60%
Pakistan Inglese/Urdu
60%
Angola Portoghese
60%
Bangladesh Bengali/Inglese
59%
Malesia Malese
58%
Iran Persiano
58%
Mozambico Portoghese
58%
Turkmenistan Turkmeno
55%
Laos Lao
50%
Suriname Olandese
50%
Tagikistan Tagico/Tagiko
50%
Myanmar Birmano
49%
Timor Est Portoghese/Tetum
44%
Etiopia Somali/Amarico/Tigrino/Oromo/Afar
37%
Brunei Malese
35%
Maldive Dhivehi/Maldiviano
32%
Sri Lanka Tamil/Singalese
26%
Afghanistan Dari/Pashtu
24%
Cambogia Khmer
20%
Nauru Nauruano
19%
Bhutan Dzongkha
11%
Nessun quiz corrispondente trovato
Distribuzione punteggi
Percentuale di utenti per punteggio
Percentile per numero di risposta
I tuoi punteggi nel tempo
Non hai fatto questo quiz